书目信息 |
| 题名: |
工程防腐蚀指南
|
|
| 作者: | 初世宪 , 王洪仁 编著 | |
| 分册: | ||
| 出版信息: | 北京 化学工业出版社 2006.02 |
|
| 页数: | 396页 | |
| 开本: | 26cm | |
| 丛书名: | ||
| 单 册: | ||
| 中图分类: | TB304-62 | |
| 科图分类: | ||
| 主题词: | 防腐--指南 , 防腐 | |
| 电子资源: | ||
| ISBN: | 7-5025-7926-5 | |
| 000 | 00999nam0 2200265 450 | |
| 001 | 012004021600 | |
| 005 | 20060615092103.28 | |
| 010 | @a7-5025-7926-5@dCNY58.00 | |
| 100 | @a20060308d2006 em y0chiy0110 ea | |
| 101 | 0 | @achi |
| 102 | @aCN@b110000 | |
| 105 | @aa a 000yy | |
| 200 | 1 | @a工程防腐蚀指南@Agong cheng fang fu shi zhi nan@e设计·材料·方法·监理检测@Eshe ji· cai liao· fang fa· jian li jian ce@f初世宪, 王洪仁编著@Fchu shi xian , wang hong ren bian zhu |
| 210 | @a北京@c化学工业出版社@d2006.02 | |
| 215 | @a396页@c图@d26cm | |
| 320 | @a本书有参考文献 | |
| 330 | @a本书分四个部分,主要介绍了工程防腐蚀设计原理、常用材料力学性能和腐蚀数据、防腐蚀方法、监理与检测。 | |
| 510 | 1 | @a设计·材料·方法·监理检测@Ashe ji· cai liao· fang fa· jian li jian ce |
| 606 | 0 | @a防腐@j指南 |
| 606 | 0 | @a防腐 |
| 690 | @aTB304-62@v4 | |
| 701 | 0 | @a初世宪@Achu shi xian@4编著 |
| 701 | 0 | @a王洪仁@Awang hong ren@4编著 |
| 801 | 0 | @aCN@b110017@c20060615 |
| 905 | @aBZT@dTB304-62@e1@f6 | |
| 工程防腐蚀指南:设计·材料·方法·监理检测/初世宪, 王洪仁编著.-北京:化学工业出版社,2006.02 |
| 396页:图;26cm |
| ISBN 7-5025-7926-5:CNY58.00 |
| 本书分四个部分,主要介绍了工程防腐蚀设计原理、常用材料力学性能和腐蚀数据、防腐蚀方法、监理与检测。 |
| ● |
| 相关链接 |
|
|
|
正题名:工程防腐蚀指南
索取号:TB304-62/1
 
预约/预借
| 序号 | 登录号 | 条形码 | 馆藏地/架位号 | 状态 | 备注 |
| 1 | 0447033 | 230004414 | 样本书库/样004架B面5层2列/ [索取号:TB304-62/1] | 在馆 | |
| 2 | 0447034 | 230004413 | 中心书库中库/ 中库030架B面3列2层3/ [索取号:TB304-62/1] | 在馆 | |
| 3 | 0447035 | 230004412 | 中心书库中库/ 中库030架B面3列2层1/ [索取号:TB304-62/1] | 在馆 | |
| 4 | 0447036 | 230004411 | 中心书库中库/ 中库030架B面3列2层2/ [索取号:TB304-62/1] | 在馆 | |
| 5 | 0447037 | 230004410 | 中心书库中库/ 中库030架B面3列2层5/ [索取号:TB304-62/1] | 在馆 | |
| 6 | 0447038 | 230004409 | 中心书库中库/ 中库030架B面3列2层4/ [索取号:TB304-62/1] | 在馆 |